El topo que quería saber quién se había hecho aquello en su cabeza

Gorde:
Xehetasun bibliografikoak
Egile Nagusiak: Holzwarth, Werner (Egilea), Erlbruch, Wolf (Egilea)
Formatua: Liburua
Hizkuntza:gaztelania
Argitaratua: Santiago Aguilar Chilena de Ediciones 2008
Edizioa:1a. ed
Saila:Alfaguara Infantil
Gaiak:
Etiketak: Etiketa erantsi
Etiketarik gabe, Izan zaitez lehena erregistro honi etiketa jartzen!

MARC

LEADER 00000cam a2200000 a 4500
001 UCE9837
003 CL-VaPUC
008 151106e20080600cl |||||||||||||||||spa|d
020 |a 9562392511 
082 0 4 |a 808.068  |b HOL  |2 21 
100 |a Holzwarth, Werner  |e author  |9 582793 
700 0 |a Erlbruch, Wolf  |e author  |9 582794 
245 1 3 |a El topo que quería saber quién se había hecho aquello en su cabeza 
250 |a 1a. ed 
300 |a 45 p 
942 |c BK 
945 |d 20151106 14:16:00  |a arojas 
260 |a Santiago  |b Aguilar Chilena de Ediciones  |c 2008 
500 |a Desde 4 años 
650 0 |a Literatura infantil   |9 307465 
650 0 |a Cuentos infantiles  |9 308044 
583 |a last modification  |c 20151106 14:16:00  |k Rodrigo Vera 
490 0 |a Alfaguara Infantil 
999 |c 361480  |d 361478 
952 |0 0  |1 0  |3 erb  |4 0  |6 808_068000000000000_HOL_2008  |7 0  |8 A  |9 472041  |a BIBEDU  |b BIBEDU  |i 5247756  |l 3  |m 1  |o 808.068 HOL 2008  |p 5247756  |r 2024-11-21  |s 2024-11-08  |w 2019-11-24  |y BK  |z Catalogado en:20151106  |k EBA